Concepto filosófico de la escuela (Record no. 152003)

MARC details
000 -LEADER
campo de control de longitud fija 00643nam a22001575i 4500
001 - NÚMERO DE CONTROL
campo de control 152003
003 - IDENTIFICADOR DE NÚMERO DE CONTROL
campo de control ES-MaACL
005 - FECHA Y HORA DE LA ÚLTIMA TRANSACCIÓN
campo de control 20230906204504.0
008 - DATOS DE LONGITUD FIJA--INFORMACIÓN GENERAL
campo de control de longitud fija 950206s1884 sp |||| | spa d
040 ## - FUENTE DE CATALOGACIÓN
Centro catalogador/agencia de origen CLM
Lengua de catalogación spa
Centro/agencia transcriptor CCPB | PA2
100 1# - ENTRADA PRINCIPAL--NOMBRE DE PERSONA
Nombre de persona Berriz, Julio.
9 (RLIN) 28389
245 10 - MENCIÓN DEL TÍTULO
Título Concepto filosófico de la escuela
Resto del título : discurso inaugural que en la sesión presidida por el Ilmo. Sr. Obispo de Santander leyó Don Julio Berriz.
260 ## - PUBLICACIÓN, DISTRIBUCIÓN, ETC.
Lugar de publicación, distribución, etc. Madrid :
Nombre del editor, distribuidor, etc. [s.n.],
Fecha de publicación, distribución, etc. 1884 (
Fabricante Imprenta de La Ilustración Nacional)
300 ## - DESCRIPCIÓN FÍSICA
Extensión 24 p. ;
Dimensiones 22 cm.
852 ## - LOCALIZACIÓN
Ubicación ES-MaACL
Número de control de estantería T-367-F-3
Nota libre -- Enc. hol., falto de la enc. original
-- -- Enc. en un vol. facticio
Holdings
Estatus retirado Estado de pérdida Estado de daño No para préstamo Colección Biblioteca de origen Biblioteca actual Ubicación en estantería Fecha de adquisición Total de préstamos Signatura topográfica completa Código de barras Visto por última vez Precio de reemplazo Tipo de ítem Koha
        Colección de folletos Biblioteca del Ateneo de Madrid Biblioteca del Ateneo de Madrid Depósito folletos 17/01/2008   T-367-F-3 1158662 23/02/2023 23/02/2023 Folleto